00418nam a22001577a 450000500170000001000130001702000260003003500130005603700260006908200060009510000190010124500390012026000320015927000470019130000220023820120911144644.0 aB-483212 a9789380658674c195.00 aB-483212 adplbVirtuous Pub/VEN aN aSanghi, Ashwin aChankya's Chant/cby Ashwin Sanghi aChennaibWestland Ltdc2010 a165m P.H Road Madhuravyal ChennaibChennai a448p.c22cm.(pbk)